LIBRARY & INFORMATION CENTRE, KCAET, TAVANUR

ONLINE PUBLIC ACCESS CATALOGUE (OPAC)

Normal view MARC view
  • CHITHRA G

Entry Personal Name

Number of records used in: 1

001 - CONTROL NUMBER

  • control field: 3394

003 - CONTROL NUMBER IDENTIFIER

  • control field: OSt

005 - DATE AND TIME OF LATEST TRANSACTION

  • control field: 20180927153434.0

008 - FIXED-LENGTH DATA ELEMENTS

  • fixed length control field: 180927|| aca||aabn | a|a d

040 ## - CATALOGING SOURCE

  • Original cataloging agency: OSt
  • Transcribing agency: OSt

100 ## - HEADING--PERSONAL NAME

  • Personal name: CHITHRA G

670 ## - SOURCE DATA FOUND

  • Source citation: Work cat.: (OSt)14999: CHITHRA G, Development of a powered - decorticator for producing white pepper from black pepper
free website counter